000 00389 a2200145 4500
003 OSt
005 20231109150058.0
008 231109b |||||||| |||| 00| 0 eng d
040 _coclc
082 _a894.8129
_bHAB/H
245 _aHabeeb Orma /
260 _aKozhikode:
_bHabeeb Foundation,
300 _a238p
942 _2ddc
_cBK
_h894.8129
_iHAB/H
_k894.8129
_mHAB/H
999 _c43007
_d43007